Statistics for Sekiro Bosses

Click here to take the quiz!

General Stats

  • This quiz has been taken 452 times
  • The average score is 9 of 15

Answer Stats

HintAnswer% Correct
You fight him for a second time in the Hirata EstateFather Owl
89%
Your fatherGreat Shinobi Owl
89%
Uses phantomsLady Butterfly
80%
Guards the lotus of the palaceGuardian Ape
76%
Final Boss for shura endingIsshin Ashina
71%
Guards the wedding caveCorrupted Monk
70%
Guards the fountainhead palaceCorrupted Monk
70%
He chopped your arm offGenichiro Ashina
68%
What becomes of the sculptorDemon of Hatred
64%
You need its tears for immortal severanceDivine Dragon
64%
Halls of illusionFolding Screen Monkeys
46%
Final boss for 3 endingsIsshin the Sword Saint
41%
The guardian of the castle gatesGyoubu Oniwa
35%
Optional Boss in Ashina DepthsHeadless ape
32%
Guards KuroEmma the Gentle Blade
24%

Score Distribution

Percentile by Number Answered

Percent of People with Each Score

Your Score History

You have not taken this quiz